Beethoven en Santa Prisca / (Record no. 132704)

MARC details
000 -LEADER
campo de control de longitud fija 00535nam a2200181 4500
001 - NÚMERO DE CONTROL
campo de control 132704
003 - IDENTIFICADOR DE NÚMERO DE CONTROL
campo de control ES-MaACL
005 - FECHA Y HORA DE LA ÚLTIMA TRANSACCIÓN
campo de control 20251011063136.0
007 - CAMPO FIJO DE DESCRIPCIÓN FÍSICA--INFORMACIÓN GENERAL
campo de control de longitud fija t|
008 - DATOS DE LONGITUD FIJA--INFORMACIÓN GENERAL
campo de control de longitud fija 070214s1970 mx r ||||1| spa d
100 0# - ENTRADA PRINCIPAL--NOMBRE DE PERSONA
Nombre de persona Ros, Antonio,
Títulos y otros términos asociados al nombre (Médico)
9 (RLIN) 99566
245 10 - MENCIÓN DEL TÍTULO
Título Beethoven en Santa Prisca /
Mención de responsabilidad, etc. Antonio Ros ; dibujos de Rivero Gil.
260 ## - PUBLICACIÓN, DISTRIBUCIÓN, ETC.
Lugar de publicación, distribución, etc. México :
Nombre del editor, distribuidor, etc. Costa-Amic,
Fecha de publicación, distribución, etc. 1970.
300 ## - DESCRIPCIÓN FÍSICA
Extensión 286 p. :
Otras características físicas il. ;
Dimensiones 20 cm.
700 1# - ENTRADA AGREGADA--NOMBRE PERSONAL
Nombre de persona Rivero Gil.
9 (RLIN) 97699
852 ## - LOCALIZACIÓN
Ubicación ES-MaACL
Número de control de estantería C-40078
Sublocalización o colección R.76061
Holdings
Estatus retirado Estado de pérdida Estado de daño No para préstamo Biblioteca de origen Biblioteca actual Ubicación en estantería Fecha de adquisición Fuente de adquisición Total de préstamos Signatura topográfica completa Código de barras Visto por última vez Precio de reemplazo Tipo de ítem Koha
        Biblioteca del Ateneo de Madrid Biblioteca del Ateneo de Madrid Depósito 2 17/01/2008     C-40078 1138155 23/02/2023 23/02/2023 Libro impreso